Normal view MARC view
  • Márquez Serrano, Eneida

Entry Nombre Personal

Number of records used in: 1

001 - NUMERO DE CONTROL

  • campo de control: 54209

003 - IDENTIFICADOR DE NUMERO DE CONTROL

  • campo de control: DLC

005 - FECHA Y HORA DE LA ÜLTIMA TRANSACCIÓN

  • campo de control: 20241021121233.0

008 - DATOS DE LONGITUD FIJA

  • campo de control de longitud fija: 030611n| acannaabn || aaa c

010 ## - NÚMERO DE CONTROL DE LA BIBLIOTECA DEL CONGRESO

  • Número de control LC: no2003057748

035 ## - NUMERO DE CONTROL

  • Número de control: (OCoLC)oca06072529

040 ## - FUENTE DE CATALOGACIÓN

  • Agencia original de catalogación: MX-StUAC
  • Lenguaje de catalogación: spa
  • Agencia de transcripción: MX-StUAC
  • Agencia que lo modifica: MX-MxUPN

100 1# - ENCABEZAMIENTO - NOMBRE PERSONAL

  • Nombre personal: Márquez Serrano, Eneida

670 ## - FUENTE EN LA QUE SE LOCALIZARON DATOS

  • Cita de la fuente: Curso de hábitos de estudio y autocontrol, 1991:
  • Información localizada: portada (Eneida Márquez Serrano)

670 ## - FUENTE EN LA QUE SE LOCALIZARON DATOS

  • Cita de la fuente: La orientación educativa mexicana y los nuevos comportamientos profesionales para el siglo XXI, 1996:
  • Información localizada: portada (Eneida Márquez Serrano, coordinación)

902 ## - CATALOGADOR

  • Catalogador: Víctor Ruiz/211024